000 01001nam2a2200217 4500
001 RU\NLR\PER_A\010692826_000070
005 20260426073808.0
010 _a978-5-6052318-7-5
035 _a(NLR Aleph) 022790058
090 _a13695786
_c13695786
100 _a20260420d2026 u y0rusy50 ca
101 0 _arus
102 _aRU
200 0 _aВып. 8
210 _d2026
461 0 _1001RU\NLR\Per\1106652
_12001#$aВосточная перспектива$eсборник студенческих работ$fНац. исслед. ун-т "Высш. шк. экономики", Шк. востоковед.$vВып. 8
_99692417
_cМосква
_d2014 -
_fНац. исслед. ун-т "Высш. шк. экономики", Шк. востоковед.
_nШкола востоковедения НИУ ВШЭ
_oсборник студенческих работ
_tВосточная перспектива
_vВып. 8
852 _aNLR
_jП22/9723
942 _cISSUE
980 _aRUSPER
980 _aNB